Learning Resource and Development

Library management in the information technology environment : (Record no. 13237)

MARC details
000 -LEADER
fixed length control field 00949nam a22002897a 4500
005 - DATE AND TIME OF LATEST TRANSACTION
control field 20230512224106.0
008 - FIXED-LENGTH DATA ELEMENTS--GENERAL INFORMATION
fixed length control field 230328t xxu||||| |||| 00| 0 eng d
020 ## - INTERNATIONAL STANDARD BOOK NUMBER
International Standard Book Number 9780367426194
040 ## - CATALOGING SOURCE
Transcribing agency CSPC
050 0# - LIBRARY OF CONGRESS CALL NUMBER
Classification number Z678.L4853
082 0# - DEWEY DECIMAL CLASSIFICATION NUMBER
Classification number 025.1
Item number L616
245 00 - TITLE STATEMENT
Title Library management in the information technology environment :
Remainder of title issues, policies, and practice for administrators /
Statement of responsibility, etc. edited by Brice G. Hobrock.
260 ## - PUBLICATION, DISTRIBUTION, ETC.
Place of publication, distribution, etc. New York :
Name of publisher, distributor, etc. Routledge,
Date of publication, distribution, etc. 2020.
300 ## - PHYSICAL DESCRIPTION
Extent 155 pages :
Dimensions 24 cm.
336 ## - CONTENT TYPE
Source rdacontent
Content type term text
337 ## - MEDIA TYPE
Source rdamedia
Media type term unmediated
338 ## - CARRIER TYPE
Source rdacarrier
Carrier type term volume
650 10 - SUBJECT ADDED ENTRY--TOPICAL TERM
Topical term or geographic name entry element Information technology
General subdivision Management.
650 10 - SUBJECT ADDED ENTRY--TOPICAL TERM
Topical term or geographic name entry element Libraries
Form subdivision Automation
General subdivision Management.
650 10 - SUBJECT ADDED ENTRY--TOPICAL TERM
Topical term or geographic name entry element Library administration.
700 1# - ADDED ENTRY--PERSONAL NAME
Personal name Hobrock, Brice G.,
Relator term editor.
940 ## - EQUIVALENCE OR CROSS-REFERENCE--UNIFORM TITLE [OBSOLETE] [CAN/MARC only]
Uniform title <a href="jessa f">jessa f</a>
940 ## - EQUIVALENCE OR CROSS-REFERENCE--UNIFORM TITLE [OBSOLETE] [CAN/MARC only]
Uniform title <a href="mae">mae</a>
942 ## - ADDED ENTRY ELEMENTS (KOHA)
Koha item type
-- CIR 025.1 L616 2020
Holdings
Withdrawn status Lost status Damaged status Not for loan Home library Current library Shelving location Date acquired Total Checkouts Full call number Barcode Date last seen Date last checked out Copy number Price effective from Koha item type
        Main Library Main Library Circulation Section 05/12/2023 2 CIR 025.1 L616 2020 025310 03/24/2025 03/17/2025 1-1 05/12/2023 Books